000 00966cam a2200277 4500
001 ABS63095
008 000000n2000 000 0 eng u
035 _a(Sirsi) u109764
100 _aCrates, E
245 2 _aA rich harvest from the seeds of change
260 _c2000
490 _aConstruction News
_v(6693) 23 November 2000, 24-30(5)
520 _aFocus on the Movement for Innovation (M4I) demonstration projects. Looks at how knowledge sharing has helped construction companies develop their demonstration projects. Also discusses the future direction for the Construction Best Practice Programme.
590 _aABS
650 _aPARTNERING
650 _aKNOWLEDGE SHARING
650 _aEGAN REFORMS
650 _aEGAN REFORMS
650 _aBEST PRACTICE
650 _aCONSTRUCTION FIRMS
650 _aMOVEMENT FOR INNOVATION
650 _aDEMONSTRATION PROJECTS
690 _aBUILT ENVIRONMENT
700 _aThompson, R
942 _n0
999 _c65512
_d65512